000 00204nam a2200109Ia 4500
100 _aROBERT HELLER.
942 _cBK
245 _aTHE NAKED MANAGER.
260 _b#N/A
546 _aENGLISH
999 _c35426
_d35426